UBT Library

Instruction-level parallel processors / (Record no. 43127)

000 -LEADER
fixed length control field 00737pam a2200229 a 4500
001 - CONTROL NUMBER
control field 1597589
005 - DATE AND TIME OF LATEST TRANSACTION
control field 20180222035552.0
008 - FIXED-LENGTH DATA ELEMENTS--GENERAL INFORMATION
fixed length control field 940613s1995 caua b 001 0 eng
010 ## - LIBRARY OF CONGRESS CONTROL NUMBER
LC control number 94028114
020 ## - INTERNATIONAL STANDARD BOOK NUMBER
International Standard Book Number 0818665270 (pbk.)
040 ## - CATALOGING SOURCE
Original cataloging agency DLC
Transcribing agency DLC
Modifying agency DLC
041 ## - LANGUAGE CODE
Language code of text/sound track or separate title eng
080 ## - UNIVERSAL DECIMAL CLASSIFICATION NUMBER
Universal Decimal Classification number 004.35
082 00 - DEWEY DECIMAL CLASSIFICATION NUMBER
Classification number 004.35 TOR
Edition number 20
100 1# - Rafti
Rafti 30
101 ## - Shkurtesa
Shkurtesa SHKI
245 10 - TITLE STATEMENT
Title Instruction-level parallel processors /
Statement of responsibility, etc H.C. Torng and Stamatis Vassiliadis.
504 ## - BIBLIOGRAPHY, ETC. NOTE
Bibliography, etc Includes bibliographical references (p. 457-461) and index.
906 ## - LOCAL DATA ELEMENT F, LDF (RLIN)
a 7
b cbc
c orignew
d 1
e ocip
f 19
g y-gencatlg
942 ## - ADDED ENTRY ELEMENTS (KOHA)
Source of classification or shelving scheme
Item type Books
Holdings
Withdrawn status Lost status Source of classification or shelving scheme Damaged status Not for loan Collection code Permanent location Current location Shelving location Date acquired Total Checkouts Full call number Barcode Date last seen Price effective from Koha item type
          Koleksioni i përgjithshem UBT - Lipjan UBT - Lipjan Koleksioni i përgjithshem 02/22/2018   004.35 TOR 002-2999771 02/22/2018 02/22/2018 Books
UBT Library © 2015-2024. All rights reserved University Education for Business and Technology